MARC

LEADER 00000nas a2200000 a 4500
001 ssj0000514240
003 WaSeSS
005 20200512172242.0
006 m d
007 cr n
008 101020c20119999njubr p s 0 a0eng
010 |a  2010208094 
015 |a GBB443306  |2 bnb 
016 7 |a 2623587-0  |2 DE-600 
016 7 |a 101570837  |2 DNLM 
016 7 |a 016323894  |2 Uk 
022 |a 2162-3279 
035 |a (WaSeSS)ssj0000514240 
037 |b R. Burley c/o John Wiley and Sons, 111 River St., 8-01, Hoboken, NJ 11231 
040 |a DLC  |b eng  |c DLC  |d DLC  |d NLM  |d UV0  |d PFM  |d HEBIS  |d DLC  |d TXA  |d DLC  |d OCLCF  |d SCB  |d CUS  |d OCLCO  |d OCLCQ  |d OCLCO  |d OCLCQ  |d OCLCO  |d OCLCQ  |d CASUM  |d OCLCO  |d OCLCA  |d OCLCQ  |d UKMGB  |d OCLCA  |d OCLCQ  |d VT2  |d WaSeSS 
042 |a pcc  |a nsdp 
050 1 4 |a RC321 
060 1 0 |a W1 
210 1 0 |a Brain Behav  |2 dnlm 
222 0 |a Brain and behavior  |b (Online) 
245 0 0 |a Brain and behavior  |h [electronic resource]. 
260 |a Hoboken, NJ :  |b John Wiley & Sons,  |c ©2011- 
310 |a Bimonthly,  |b 2012- 
321 |a Two issues a year,  |b 2011 
362 1 |a Began with: Vol. 1, issue 1 (Sept. 2011). 
506 |a License restrictions may limit access. 
588 |a Description based on: Vol. 1, issue 1 (Sept. 2011); title from issue table of contents (publisher's Web site, viewed Oct. 28, 2011). 
588 |a Latest issue consulted: Vol. 2, issue 4 (July 2012) (Wiley Web site, viewed July 30, 2012). 
650 0 |a Neurology  |v Periodicals. 
650 0 |a Neurosciences  |v Periodicals. 
650 0 |a Psychology  |v Periodicals. 
650 0 |a Psychiatry  |v Periodicals. 
650 1 2 |a Brain  |x anatomy & histology. 
650 2 2 |a Brain  |x physiology. 
650 2 2 |a Behavior. 
650 7 |a Neurology.  |2 fast  |0 (OCoLC)fst01036390 
650 7 |a Neurosciences.  |2 fast  |0 (OCoLC)fst01036509 
650 7 |a Psychiatry.  |2 fast  |0 (OCoLC)fst01081152 
650 7 |a Psychology.  |2 fast  |0 (OCoLC)fst01081447 
655 0 |a Electronic journals. 
856 4 0 |z Full text available from Research Library: 09/01/2011 to present  |u https://search.proquest.com/publication/976341